000 01016nac a22003377a 4500
001 BR2014003896
003 BR-BrBNA
005 20240105124014.0
008 230509b bl.|||m| |||| 00| 0 por d
040 _aBR-BrBNA
_bpor
_cBiblioteca Nacional de Agricultura
072 _aH20
090 _a0336 BR2014003896
100 1 _aMeyer, M.C.
100 1 _aCampos, H.D.
100 1 _aGodoy, C.V.
100 1 _aUtiamada, C.M.
110 1 _aEMBRAPA Soja, Londrina, PR (Brasil)
245 1 _aEnsaios cooperativos de controle químico de mofo branco na cultura da soja: safras 2009 a 2012
260 3 _aLondrina, PR (Brasil):
_c2013.
300 _a100 p.
490 _aDocumentos - EMBRAPA Soja (Brazil)
_vno. 345
_xISSN 1516-781X
500 _aNumerical data; 16 ref.
650 _aSOJA
650 _aDOENÇA DE PLANTA
650 _aFUNGO
650 _aFUNGICIDA
650 _aCONTROLE QUÍMICO
650 _aMOFO BRANCO
909 _a202312
_bLúcia Elande
_c55
_dLúcia Elande
942 _2AGRIS
_n0
_cMS
999 _c297941
_d297941